Central Library OPAC University of Rajshahi

Drawing for illustration / (Record no. 62792)

MARC details
000 -LEADER
fixed length control field 00705nam a2200241 a 4500
001 - CONTROL NUMBER
control field 62792
003 - CONTROL NUMBER IDENTIFIER
rucl marc code BD-RjUL
005 - DATE AND TIME OF LATEST TRANSACTION
control field 20211209081125.0
008 - FIXED-LENGTH DATA ELEMENTS--GENERAL INFORMATION
fixed length control field 170125s1962 enka 001 0 eng d
035 ## - SYSTEM CONTROL NUMBER
System control number (BD-RjUL)62920
040 ## - CATALOGING SOURCE
Original cataloging agency BD-RjUL
Language of cataloging eng
Transcribing agency BD-RjUL
041 ## - LANGUAGE CODE
Language code of text/sound track or separate title eng
082 ## - DEWEY DECIMAL CLASSIFICATION NUMBER
Classification number 741.6
Edition number 23
Author mark and year LAD 1962
100 1# - MAIN ENTRY--PERSONAL NAME
Personal name Lamb, Lynton.
9 (RLIN) 186651
245 10 - TITLE STATEMENT
Title Drawing for illustration /
Statement of responsibility, etc. Lynton Lamb
260 ## - PUBLICATION, DISTRIBUTION, ETC. (IMPRINT)
Place of publication, distribution, etc. London ; New York :
Name of publisher, distributor, etc. Oxford University Press,
Date of publication, distribution, etc. 1962
300 ## - PHYSICAL DESCRIPTION
Pagination xviii, 211 p. :
Illustrations ill. ;
Size 26 cm
504 ## - BIBLIOGRAPHY, ETC. NOTE
Bibliography, etc Includes bibliography and index
650 #0 - SUBJECT ADDED ENTRY--TOPICAL TERM
Topical term or geographic name as entry element Illustration of books
9 (RLIN) 186652
Topical term or geographic name as entry element Photomechanical processes
9 (RLIN) 186653
942 ## - ADDED ENTRY ELEMENTS (KOHA)
Source of classification or shelving scheme Dewey Decimal Classification
Koha item type Books
Holdings
Lost status Source of classification or shelving scheme Damaged status Not for loan Collection code Permanent Location Current Location Shelving location Date acquired Source of acquisition Cost, normal purchase price Total Checkouts Full call number Date last seen Copy number Koha item type
  Dewey Decimal Classification   Not For Loan Non-fiction Central Library, University of Rajshahi Central Library, University of Rajshahi Reading Room 13/06/1969 Zeitlinger 50.00   741.6 LAD 1962 25/01/2017 C-1 Books